Off to a flying start (Record no. 72650)

MARC details
000 -LEADER
fixed length control field 00917cam a2200193 4500
001 - CONTROL NUMBER
control field WB3918-08
008 - FIXED-LENGTH DATA ELEMENTS--GENERAL INFORMATION
fixed length control field 030512n2003 000 0 eng u
035 ## - SYSTEM CONTROL NUMBER
System control number (Sirsi) u122241
245 ## - TITLE STATEMENT
Title Off to a flying start
260 ## - PUBLICATION, DISTRIBUTION, ETC.
Date of publication, distribution, etc. 2003
490 ## - SERIES STATEMENT
Series statement DEFRA News Release
Volume/sequential designation (168/03) 12 May 2003 (3)
520 ## - SUMMARY, ETC.
Summary, etc. DEFRA results confirm the success of the UK Emissions Trading Scheme with nearly 1 000 companies transferring over seven million tonnes of carbon dioxide in its first year. The scheme was launched in April 2002 to help businesses reduce greenhouse gas emissions in an economically efficient way. DEFRA results at www.defra.gov.uk/environment/climatechange/trading/index.htm www.defra.gov.uk/news/2003/030512a.htm
590 ## - LOCAL NOTE (RLIN)
Local note WB
650 ## - SUBJECT ADDED ENTRY--TOPICAL TERM
Topical term or geographic name entry element GREENHOUSE GASES
650 ## - SUBJECT ADDED ENTRY--TOPICAL TERM
Topical term or geographic name entry element CARBON DIOXIDE EMISSIONS
650 ## - SUBJECT ADDED ENTRY--TOPICAL TERM
Topical term or geographic name entry element UK EMISSIONS TRADING SCHEME
690 ## - LOCAL SUBJECT ADDED ENTRY--TOPICAL TERM (OCLC, RLIN)
Topical term or geographic name as entry element ENVIRONMENTAL AND LAND CONSULTANCY
942 ## - ADDED ENTRY ELEMENTS (KOHA)
Suppress in OPAC 0
Holdings
Withdrawn status Lost status Source of classification or shelving scheme Damaged status Not for loan Home library Current library Shelving location Date acquired Total Checkouts Full call number Barcode Date last seen Copy number Price effective from Koha item type
    Dewey Decimal Classification     London London News article 12/05/2003   WB3918-08 122241-1001 06/08/2019 1 06/08/2019 News article